| 000 | 00346nam a22001457a 4500 | ||
|---|---|---|---|
| 020 | _qPB. | ||
| 040 | _cFIZZA ISHAQ | ||
| 082 |
_a005.1 _bALA |
||
| 100 |
_aWATKINS,STEVE CALDER ALAN. _989853 |
||
| 245 |
_aIT GOVERNANCE / _cALAN CALDER STEVE WATKINS. |
||
| 250 | _a7th ED. | ||
| 260 |
_aKOGAN ; _c2019. |
||
| 300 | _a395 P. ; | ||
| 942 |
_2ddc _cBK |
||
| 999 |
_c588362 _d588362 |
||